[Event "Titled Tuesday intern op 13th Feb Early"]
[Site "Chess.com INT"]
[Date "2024.02.13"]
[Round "7"]
[White "Vaibhav, Jayant Raut"]
[Black "Ivanchuk, Vassily"]
[Result "1/2-1/2"]
[WhiteElo "2071"]
[BlackElo "2623"]
[PlyCount "85"]
[EventDate "2024.02.13"]
[EventType "swiss (blitz)"]
[EventRounds "11"]
[EventCountry "USA"]
[SourceTitle "CB08_2024"]
[SourceDate "2024.02.21"]
[SourceVersion "1"]
[SourceVersionDate "2024.02.21"]
[SourceQuality "1"]

1. c4 Nf6 2. Nf3 c5 3. g3 b6 4. Bg2 Bb7 5. 0-0 g6 6. Nc3 Bg7 7. b3 Ne4 8. Bb2 Nxc3 9. Bxc3 Bxc3 10. dxc3 d6 11. Qc2 Nd7 12. Rad1 0-0 13. h4 Nf6 14. Ng5 Bxg2 15. Kxg2 Qc7 16. Qd3 Rad8 17. Ne4 Qc6 18. f3 Nxe4 19. fxe4 h5 20. Qd5 Qc7 21. Rf3 Kg7 22. Rdf1 f6 23. Qe6 Qd7 24. Qd5 Qc8 25. Rf4 Rf7 26. Rd1 Rg8 27. Kh2 Qe8 28. Rg1 Kh7 29. g4 hxg4 30. Rfxg4 Rfg7 31. Qd3 Kh8 32. Kg2 Rh7 33. Kf1 Rgg7 34. Ke1 Rh6 35. Qd2 Kh7 36. Qd5 Qc8 37. a4 Qe8 38. Kd2 Qc8 39. Kc2 Qe8 40. R1g2 Qc8 41. Rg1 Qe8 42. R1g2 Qc8 43. Rg1 1/2-1/2

[Event "Titled Tuesday intern op 13th Feb Early"]
[Site "Chess.com INT"]
[Date "2024.02.13"]
[Round "8"]
[White "Velavaa, Ragavesh"]
[Black "Vaibhav, Jayant Raut"]
[Result "0-1"]
[WhiteElo "1972"]
[BlackElo "2071"]
[PlyCount "188"]
[EventDate "2024.02.13"]
[EventType "swiss (blitz)"]
[EventRounds "11"]
[EventCountry "USA"]
[SourceTitle "CB08_2024"]
[SourceDate "2024.02.21"]
[SourceVersion "1"]
[SourceVersionDate "2024.02.21"]
[SourceQuality "1"]

1. e4 c6 2. d4 d5 3. exd5 cxd5 4. Nf3 Nf6 5. Bb5+ Bd7 6. Bd3 g6 7. 0-0 Bg7 8. h3 0-0 9. Re1 Nc6 10. c3 Bf5 11. Bxf5 gxf5 12. Bf4 Kh8 13. Nbd2 e6 14. Ne5 Nxe5 15. Bxe5 Rg8 16. Kh1 Nd7 17. Nf3 Bxe5 18. Nxe5 Nxe5 19. Rxe5 Qg5 20. Qf3 Rg7 21. Rg1 Rag8 22. Re2 Qh4 23. Re3 h6 24. Re2 Kh7 25. Re3 Rg4 26. Re2 R4g5 27. Kh2 Rh5 28. Re3 Qg4 29. Qxg4 fxg4 30. Rg3 Rf5 31. Rf1 h5 32. f4 gxh3 33. Rxg8 Kxg8 34. Kxh3 Kg7 35. g4 hxg4+ 36. Kxg4 Rf6 37. a4 Rg6+ 38. Kf3 Rh6 39. Rg1+ Kf6 40. Rg2 Rh3+ 41. Kg4 Rh1 42. b3 Rc1 43. Rg3 a5 44. Rh3 b6 45. Rh6+ Kg7 46. Rh3 Kg6 47. Rg3 Rb1 48. Kh4+ Kf6 49. c4 Rd1 50. c5 Rxd4 51. cxb6 Rb4 52. Rc3 Rxb6 53. Kg4 d4 54. Rc4 Rd6 55. Kf3 d3 56. Rc1 d2 57. Rd1 Kf5 58. Ke3 Rb6 59. Rxd2 Rxb3+ 60. Kd4 Rb4+ 61. Ke3 Rxa4 62. Rd3 Re4+ 63. Kf3 Rxf4+ 64. Kg3 a4 65. Rc3 Rg4+ 66. Kf3 e5 67. Rc7 Rf4+ 68. Ke3 f6 69. Ra7 Rh4 70. Ra6 a3 71. Kf2 a2 72. Kg3 Rg4+ 73. Kf2 Rh4 74. Kg2 e4 75. Ra5+ Kf4 76. Rxa2 Rg4+ 77. Kf2 f5 78. Ra4 Rh4 79. Rb4 Rh2+ 80. Kg1 Ra2 81. Rb8 e3 82. Rb4+ Kf3 83. Rb3 Ra1+ 84. Kh2 f4 85. Rb2 e2 86. Rb3+ Kf2 87. Rb2 f3 88. Rc2 Ra8 89. Kh3 Kf1 90. Kg4 e1Q 91. Rh2 Qe4+ 92. Kh3 Rh8+ 93. Kg3 Rg8+ 94. Kh3 Qh7# 0-1

[Event "Titled Tuesday intern op 12th Sep Late"]
[Site "Chess.com INT"]
[Date "2023.09.12"]
[Round "9"]
[White "Galaktionov, Artem"]
[Black "Vaibhav, Jayant Raut"]
[Result "1/2-1/2"]
[WhiteElo "2321"]
[BlackElo "2081"]
[PlyCount "226"]
[EventDate "2023.09.12"]
[EventType "swiss (blitz)"]
[EventRounds "11"]
[EventCountry "USA"]
[SourceTitle "EXT 2024"]
[Source "ChessBase"]
[SourceDate "2023.10.10"]
[SourceVersion "1"]
[SourceVersionDate "2023.10.10"]
[SourceQuality "1"]

1. d4 Nf6 2. Nf3 e6 3. c4 d5 4. Nc3 Be7 5. Bf4 0-0 6. e3 b6 7. Bd3 dxc4 8. Bxc4 Bb7 9. 0-0 Nbd7 10. Qe2 a6 11. Rfd1 b5 12. Bb3 c5 13. dxc5 Bxc5 14. Bd6 Bxd6 15. Rxd6 Qc7 16. Rad1 Nc5 17. R6d4 Nxb3 18. axb3 Rfd8 19. Qd2 Rxd4 20. Qxd4 Bxf3 21. gxf3 h6 22. Kg2 Qb7 23. Qe5 Rc8 24. Rd6 b4 25. Na4 Rc2 26. Qd4 Qb5 27. h4 Qf5 28. Qd3 Qxd3 29. Rxd3 Nd5 30. Kg3 g5 31. hxg5 hxg5 32. Rd4 Kg7 33. Rc4 Rd2 34. Rc6 a5 35. Rc5 f5 36. Rxa5 f4+ 37. exf4 gxf4+ 38. Kg2 Ne3+ 39. Kg1 Nd1 40. Rb5 Nxf2 41. Kf1 Nh3 42. Nc5 Rxb2 43. Rxb4 Rf2+ 44. Ke1 Rxf3 45. Nxe6+ Kf6 46. Nd4 Re3+ 47. Kd2 Ng5 48. Rb5 Ne4+ 49. Kc2 Kg6 50. Rf5 Rc3+ 51. Kb2 Rd3 52. Rxf4 Rxd4 53. Ka3 Kg5 54. Rf8 Nd6 55. Rb8 Kf5 56. b4 Ke6 57. Ka4 Rd1 58. Ka5 Ra1+ 59. Kb6 Rb1 60. Kc6 Rc1+ 61. Kb6 Kd5 62. b5 Rb1 63. Kc7 Nxb5+ 64. Kd7 Kc5 65. Rc8+ Kb4 66. Ke6 Re1+ 67. Kf6 Nd6 68. Rc6 Ne4+ 69. Kf5 Nc5 70. Rd6 Kc4 71. Rd8 Nb3 72. Kf6 Nd4 73. Kf7 Rf1+ 74. Kg6 Kd3 75. Re8 Nc6 76. Re6 Rc1 77. Kf6 Kd4 78. Rd6+ Kc5 79. Re6 Kd5 80. Re8 Rf1+ 81. Kg5 Ne5 82. Kh4 Ke4 83. Kg3 Rf3+ 84. Kg2 Ra3 85. Rf8 Nd3 86. Kg3 Ne5+ 87. Kg2 Ra2+ 88. Kg3 Ra7 89. Kg2 Rg7+ 90. Kf2 Rh7 91. Kg2 Nd3 92. Kg3 Rg7+ 93. Kh4 Nf4 94. Ra8 Nd3 95. Ra4+ Kf3 96. Kh5 Nf4+ 97. Kh6 Rg8 98. Kh7 Rg1 99. Kh8 Kg4 100. Kg7 Kf5+ 101. Kf7 Rh1 102. Ke7 Rh7+ 103. Kd6 Nd3 104. Rd4 Ne5 105. Kd5 Rd7+ 106. Kc5 Rc7+ 107. Kd5 Nf3 108. Ra4 Rd7+ 109. Kc5 Rd1 110. Ra8 Rc1+ 111. Kd5 Rd1+ 112. Kc5 Ne5 113. Rh8 Rc1+ 1/2-1/2

[Event "Titled Tuesday intern op 12th Sep Late"]
[Site "Chess.com INT"]
[Date "2023.09.12"]
[Round "5"]
[White "Vaibhav, Jayant Raut"]
[Black "Lysyj, Igor"]
[Result "1/2-1/2"]
[WhiteElo "2081"]
[BlackElo "2589"]
[PlyCount "199"]
[EventDate "2023.09.12"]
[EventType "swiss (blitz)"]
[EventRounds "11"]
[EventCountry "USA"]
[SourceTitle "EXT 2024"]
[Source "ChessBase"]
[SourceDate "2023.10.10"]
[SourceVersion "1"]
[SourceVersionDate "2023.10.10"]
[SourceQuality "1"]

1. e4 e5 2. Nf3 Nc6 3. Bc4 Bc5 4. c3 Nf6 5. d3 d6 6. h3 a5 7. a4 h6 8. Nbd2 0-0 9. 0-0 Be6 10. Re1 Bxc4 11. Nxc4 Re8 12. Be3 Bxe3 13. Nxe3 d5 14. Qb3 dxe4 15. dxe4 Qc8 16. Nd5 Re6 17. Rad1 Kh7 18. Rd2 Nh5 19. Ne3 Nf4 20. Kh2 b6 21. Nf5 Rf6 22. g3 Nxh3 23. Kxh3 g6 24. N3h4 gxf5 25. Nxf5 Ne7 26. g4 h5 27. f3 Ng6 28. Rh1 Nf4+ 29. Kg3 Qe6 30. Qb5 Rg8 31. Qd7 c6 32. Rd6 Qxd7 33. Rxd7 Re8 34. Rc7 Rd8 35. Kh4 Kg6 36. gxh5+ Kh7 37. Rg1 Ne6 38. Rxc6 Rd2 39. b4 Rh2+ 40. Kg3 Rxh5 41. Rxb6 Rg6+ 42. Kf2 Rh2+ 43. Kf1 axb4 44. Rxg6 Kxg6 45. cxb4 Ra2 46. a5 Kg5 47. a6 Kf4 48. b5 Kxf3 49. Nh4+ Kxe4 50. Rb7 Nc5 51. Rxf7 Nxa6 52. bxa6 Rxa6 53. Rf2 Ra1+ 54. Kg2 Rd1 55. Nf3 Ra1 56. Nd2+ Kd3 57. Nf3 Ra8 58. Nxe5+ Kc3 59. Nf3 Rg8+ 60. Kf1 Kc4 61. Rd2 Kc5 62. Kf2 Kc4 63. Ne5+ Kc5 64. Ke3 Re8 65. Ke4 Kb4 66. Rd4+ Kb3 67. Rd5 Rh8 68. Nf3 Kc2 69. Ke3 Re8+ 70. Ne5 Rh8 71. Rc5+ Kb3 72. Kd4 Kb4 73. Rc4+ Kb5 74. Kd5 Rh5 75. Rc5+ Kb4 76. Rc1 Kb3 77. Kd4 Rh4+ 78. Ke3 Rh3+ 79. Nf3 Rh5 80. Rc7 Rh3 81. Ke2 Rh5 82. Kd3 Rh3 83. Rb7+ Ka4 84. Rf7 Kb5 85. Kc3 Rh1 86. Nd4+ Kc5 87. Rf5+ Kd6 88. Rf6+ Ke5 89. Re6+ Kd5 90. Re2 Rh3+ 91. Nf3 Rxf3+ 92. Kd2 Rf4 93. Rh2 Rd4+ 94. Ke3 Re4+ 95. Kd3 Re5 96. Rh4 Rg5 97. Rd4+ Ke6 98. Re4+ Re5 99. Re3 Rxe3+ 100. Kxe3 1/2-1/2

[Event "Titled Tuesday intern op 05th Sep Early"]
[Site "Chess.com INT"]
[Date "2023.09.05"]
[Round "1"]
[White "Vaibhav, Jayant Raut"]
[Black "Sasvatha, A."]
[Result "1-0"]
[WhiteElo "2081"]
[BlackElo "1783"]
[PlyCount "71"]
[EventDate "2023.09.05"]
[EventType "swiss (blitz)"]
[EventRounds "11"]
[EventCountry "USA"]
[SourceTitle "EXT 2024"]
[Source "ChessBase"]
[SourceDate "2023.10.10"]
[SourceVersion "1"]
[SourceVersionDate "2023.10.10"]
[SourceQuality "1"]

1. Nf3 d5 2. e3 Nf6 3. b3 Bf5 4. Bb2 e6 5. Be2 h6 6. 0-0 Be7 7. d3 0-0 8. Nbd2 c6 9. Re1 Nbd7 10. Bf1 Bh7 11. e4 a5 12. a4 Qb6 13. e5 Ne8 14. d4 c5 15. c4 dxc4 16. Nxc4 Qc6 17. Rc1 Nc7 18. Nd6 Bxd6 19. exd6 Qxd6 20. dxc5 Qxd1 21. Rexd1 Rfd8 22. Rd6 Nf8 23. Rcd1 Nd5 24. Bc4 Rxd6 25. cxd6 Nb6 26. Bd4 Nfd7 27. Ne5 Nxe5 28. Bxe5 Nd7 29. Bd4 Rd8 30. Bb5 b6 31. Rc1 Nc5 32. Bxc5 bxc5 33. Rxc5 Kf8 34. d7 Ke7 35. Rc7 Bd3 36. Bxd3 1-0

[Event "Titled Tuesday intern op 05th Sep Early"]
[Site "Chess.com INT"]
[Date "2023.09.05"]
[Round "6"]
[White "Vaibhav, Jayant Raut"]
[Black "Yanchenko, Roman"]
[Result "0-1"]
[WhiteElo "2081"]
[BlackElo "2466"]
[PlyCount "82"]
[EventDate "2023.09.05"]
[EventType "swiss (blitz)"]
[EventRounds "11"]
[EventCountry "USA"]
[SourceTitle "EXT 2024"]
[Source "ChessBase"]
[SourceDate "2023.10.10"]
[SourceVersion "1"]
[SourceVersionDate "2023.10.10"]
[SourceQuality "1"]

1. Nf3 d5 2. e3 Nf6 3. Be2 c5 4. b3 Nc6 5. Bb2 Bf5 6. 0-0 e6 7. d4 Rc8 8. c4 dxc4 9. Bxc4 a6 10. a4 cxd4 11. Nxd4 Nxd4 12. Qxd4 Qxd4 13. Bxd4 Bb4 14. Nc3 0-0 15. Na2 Be7 16. f3 Bg6 17. Rfd1 Rfd8 18. Kf1 Nd5 19. Bxd5 Rxd5 20. Rac1 Rdd8 21. Rxc8 Rxc8 22. Bc3 Bc2 23. Rd7 Bxb3 24. Rxe7 Bxa2 25. Rxb7 f6 26. Bd4 e5 27. Bb6 Rc1+ 28. Kf2 Rc2+ 29. Kg3 h5 30. h4 Rb2 31. a5 Bc4 32. Rb8+ Kf7 33. Rb7+ Kg6 34. f4 Bd5 35. Rd7 Rxg2+ 36. Kh3 Rd2 37. f5+ Kxf5 38. Rxg7 Ke4 39. Rg1 f5 40. Rg5 Be6 41. Rxh5 f4+ 0-1

[Event "Titled Tuesday intern op 29th Aug Early"]
[Site "Chess.com INT"]
[Date "2023.08.29"]
[Round "9"]
[White "Vaibhav, Jayant Raut"]
[Black "Yeritsyan, Hayk"]
[Result "1-0"]
[WhiteElo "2147"]
[BlackElo "2179"]
[PlyCount "105"]
[EventDate "2023.08.29"]
[EventType "swiss (blitz)"]
[EventRounds "11"]
[EventCountry "USA"]
[SourceTitle "EXT 2024"]
[Source "ChessBase"]
[SourceDate "2023.10.10"]
[SourceVersion "1"]
[SourceVersionDate "2023.10.10"]
[SourceQuality "1"]

1. Nf3 Nf6 2. g3 c6 3. Bg2 d5 4. 0-0 Bg4 5. d3 Qc8 6. Re1 Nbd7 7. e4 e6 8. Nc3 Bb4 9. Bd2 0-0 10. h3 Bh5 11. g4 Bg6 12. e5 Ne8 13. h4 h6 14. h5 Bh7 15. g5 hxg5 16. Nxg5 Bf5 17. Nxd5 Bc5 18. Ne3 Nc7 19. Nxf5 exf5 20. h6 g6 21. h7+ Kg7 22. e6 Nf6 23. exf7 Qd7 24. Bc3 Bd4 25. Qe2 Ng4 26. Qe7 Qxe7 27. Rxe7 Bxc3 28. bxc3 Nd5 29. Rxb7 Nxc3 30. Ne6+ Kxh7 31. Nxf8+ Rxf8 32. Bxc6 Kg7 33. Be8 Ne2+ 34. Kf1 Nf4 35. Ke1 Ne5 36. Kd2 g5 37. d4 Nc4+ 38. Kc3 Nd6 39. Rxa7 Ne4+ 40. Kb2 Nxf2 41. a4 g4 42. a5 g3 43. Re7 Nd5 44. Re2 f4 45. a6 Ng4 46. a7 Nc7 47. d5 Na8 48. Bc6 f3 49. Re8 f2 50. Rxf8 Kxf8 51. d6 g2 52. Bxg2 Ne3 53. Bxa8 1-0

[Event "Titled Tuesday intern op 08th Aug Early"]
[Site "Chess.com INT"]
[Date "2023.08.08"]
[Round "4"]
[White "Aravindh, Chithambaram VR"]
[Black "Vaibhav, Jayant Raut"]
[Result "1-0"]
[WhiteElo "2645"]
[BlackElo "2147"]
[PlyCount "59"]
[EventDate "2023.08.08"]
[EventType "swiss (blitz)"]
[EventRounds "11"]
[EventCountry "USA"]
[SourceTitle "EXT 2024"]
[Source "ChessBase"]
[SourceDate "2023.10.10"]
[SourceVersion "1"]
[SourceVersionDate "2023.10.10"]
[SourceQuality "1"]

1. c4 b6 2. b3 Bb7 3. Bb2 Nf6 4. Nf3 e6 5. e3 Be7 6. Nc3 0-0 7. Be2 d5 8. 0-0 Nbd7 9. d4 c5 10. cxd5 Nxd5 11. Nxd5 Bxd5 12. Rc1 Bb7 13. Qd2 cxd4 14. Nxd4 Nc5 15. Rfd1 Bf6 16. f3 Qe7 17. e4 Bg5 18. Qc3 Bf6 19. Qe3 Bg5 20. f4 Bh6 21. Bf3 Rfd8 22. e5 Bxf3 23. Qxf3 Rd5 24. Nf5 Qd7 25. Rxd5 exd5 26. Nxh6+ gxh6 27. f5 Re8 28. Qg3+ Kf8 29. f6 Ne6 30. Ba3+ 1-0

[Event "Titled Tuesday intern op 08th Aug Early"]
[Site "Chess.com INT"]
[Date "2023.08.08"]
[Round "9"]
[White "Lopez del Alamo, Antonio"]
[Black "Vaibhav, Jayant Raut"]
[Result "1-0"]
[WhiteElo "2267"]
[BlackElo "2147"]
[PlyCount "165"]
[EventDate "2023.08.08"]
[EventType "swiss (blitz)"]
[EventRounds "11"]
[EventCountry "USA"]
[SourceTitle "EXT 2024"]
[Source "ChessBase"]
[SourceDate "2023.10.10"]
[SourceVersion "1"]
[SourceVersionDate "2023.10.10"]
[SourceQuality "1"]

1. e4 c5 2. Nf3 d6 3. d4 cxd4 4. Nxd4 Nf6 5. Nc3 Nc6 6. Bg5 e6 7. Bb5 Bd7 8. Bxc6 bxc6 9. Qf3 Be7 10. e5 dxe5 11. Nxc6 Qc8 12. Nxe7 Kxe7 13. Ne4 Qxc2 14. Bxf6+ Kf8 15. Bxe5 Bc6 16. Qa3+ Kg8 17. 0-0 Qxe4 18. Qg3 f6 19. Bc3 Qg6 20. Qh3 Kf7 21. f3 Rhd8 22. Rad1 Qc2 23. Rxd8 Rxd8 24. Re1 e5 25. Qg3 Rd1 26. a3 Bb5 27. Rxd1 Qxd1+ 28. Qe1 Qd3 29. h3 Bc6 30. Qf2 a6 31. Kh2 Qc4 32. Qb6 h5 33. Qe3 h4 34. Qf2 g5 35. Qe3 Qd5 36. Qf2 Bb7 37. Qe3 Kg6 38. Bd2 Qd4 39. Qc3 Bd5 40. Qc1 e4 41. Be3 Qe5+ 42. f4 Qf5 43. Qd2 gxf4 44. Bxf4 e3 45. Qxe3 Qe4 46. Qf2 Qf5 47. Qxh4 Qc2 48. Qg3+ Kf5 49. Qg4+ Ke4 50. Bg5+ Kd3 51. Qf5+ Be4 52. Qf1+ Kd4 53. Bxf6+ Kd5 54. Bc3 a5 55. h4 a4 56. h5 Kc6 57. h6 Kd5 58. Kg3 Kc6 59. Kh4 Bg6 60. Kg5 Qe4 61. Qf6+ Kb5 62. Qxg6 Qxg2+ 63. Kf6 Qc6+ 64. Kg7 Qd7+ 65. Qf7 Qg4+ 66. Kf8 Qc8+ 67. Qe8+ Qc6 68. Qxc6+ Kxc6 69. h7 Kb5 70. h8Q Kc4 71. Qd4+ Kb3 72. Qb4+ Ka2 73. Qxa4 Ka1 74. Qb4 Ka2 75. a4 Ka1 76. a5 Ka2 77. a6 Kb1 78. a7 Ka2 79. a8Q+ Kb1 80. Qae4+ Kc1 81. Qe1+ Kc2 82. Qa4+ Kd3 83. Qd2# 1-0

[Event "Titled Tuesday intern op 08th Aug Early"]
[Site "Chess.com INT"]
[Date "2023.08.08"]
[Round "6"]
[White "Mikhailovsky, Vladimir"]
[Black "Vaibhav, Jayant Raut"]
[Result "0-1"]
[WhiteElo "2215"]
[BlackElo "2147"]
[PlyCount "92"]
[EventDate "2023.08.08"]
[EventType "swiss (blitz)"]
[EventRounds "11"]
[EventCountry "USA"]
[SourceTitle "EXT 2024"]
[Source "ChessBase"]
[SourceDate "2023.10.10"]
[SourceVersion "1"]
[SourceVersionDate "2023.10.10"]
[SourceQuality "1"]

1. e4 c5 2. Nf3 Nc6 3. Bc4 e6 4. 0-0 Nge7 5. Re1 g6 6. e5 Bg7 7. Nc3 0-0 8. a3 a6 9. d3 b5 10. Ba2 Bb7 11. Bf4 Nd4 12. Nxd4 cxd4 13. Ne4 Qc7 14. Qd2 Bxe4 15. Rxe4 Rac8 16. Rc1 Qc5 17. h4 h5 18. Bh6 Nf5 19. Bxg7 Kxg7 20. Qf4 Qe7 21. Bb3 Rc5 22. g3 Rfc8 23. Rce1 a5 24. a4 bxa4 25. Bxa4 Rb8 26. Qc1 Rb4 27. b3 Rb8 28. R1e2 Rbc8 29. Qe1 Qd8 30. Qd1 Qc7 31. Qe1 Rxc2 32. Rxc2 Qxc2 33. Bxd7 Rc5 34. b4 axb4 35. Qxb4 Qxd3 36. Qxc5 Qxe4 37. Bc6 Qe1+ 38. Kg2 d3 39. Ba4 d2 40. Qc2 Qe2 41. Kg1 Nd4 42. Qd1 Qe1+ 43. Kg2 Qe4+ 44. Kg1 Ne2+ 45. Kf1 Nc3 46. Qxd2 Qh1# 0-1

[Event "Titled Tuesday intern op 08th Aug Early"]
[Site "Chess.com INT"]
[Date "2023.08.08"]
[Round "1"]
[White "Schut, Han"]
[Black "Vaibhav, Jayant Raut"]
[Result "0-1"]
[WhiteElo "2091"]
[BlackElo "2147"]
[PlyCount "90"]
[EventDate "2023.08.08"]
[EventType "swiss (blitz)"]
[EventRounds "11"]
[EventCountry "USA"]
[SourceTitle "EXT 2024"]
[Source "ChessBase"]
[SourceDate "2023.10.10"]
[SourceVersion "1"]
[SourceVersionDate "2023.10.10"]
[SourceQuality "1"]

1. e4 e5 2. Nf3 Nc6 3. Bc4 Bc5 4. c3 Nf6 5. d4 exd4 6. b4 Bb6 7. e5 d5 8. exf6 dxc4 9. Qe2+ Be6 10. b5 d3 11. Qe4 0-0 12. bxc6 Re8 13. 0-0 Bd5 14. Qg4 Qxf6 15. cxb7 Bxb7 16. Bg5 Qe6 17. Qxe6 Rxe6 18. Nbd2 Bd5 19. Rfe1 Rae8 20. Rxe6 Rxe6 21. Re1 Rxe1+ 22. Nxe1 Ba5 23. Nef3 Bxc3 24. Be3 a5 25. Kf1 Bb4 26. Ne5 c3 27. Nxd3 cxd2 28. Ke2 Bxa2 29. Bxd2 Bc4 30. Bf4 c6 31. Ke3 Bxd3 32. Kxd3 Kf8 33. Kc4 Ke7 34. Be3 Ke6 35. f3 g6 36. g3 h5 37. h3 Bd6 38. g4 hxg4 39. hxg4 Bb4 40. Bd4 f5 41. Bb2 fxg4 42. fxg4 Bd6 43. Bc3 a4 44. Ba1 a3 45. Kb3 Kd5 0-1

[Event "Titled Tuesday intern op 08th Aug Late"]
[Site "Chess.com INT"]
[Date "2023.08.08"]
[Round "10"]
[White "Vaibhav, Jayant Raut"]
[Black "D'Arruda, Ricardo D"]
[Result "0-1"]
[WhiteElo "2147"]
[BlackElo "2271"]
[PlyCount "68"]
[EventDate "2023.08.08"]
[EventType "swiss (blitz)"]
[EventRounds "11"]
[EventCountry "USA"]
[SourceTitle "EXT 2024"]
[Source "ChessBase"]
[SourceDate "2023.10.10"]
[SourceVersion "1"]
[SourceVersionDate "2023.10.10"]
[SourceQuality "1"]

1. e4 c5 2. Nf3 Nc6 3. Bb5 g6 4. 0-0 Bg7 5. c3 Nf6 6. Re1 0-0 7. d4 cxd4 8. cxd4 d5 9. e5 Ne4 10. Nbd2 Bf5 11. Nb3 Qb6 12. Bxc6 bxc6 13. Be3 a5 14. Rc1 a4 15. Nc5 Nxc5 16. Rxc5 Qxb2 17. Rxc6 Qxa2 18. Nh4 Be6 19. Nf3 Rfc8 20. Qc1 a3 21. Ng5 Bd7 22. Rc7 h6 23. e6 fxe6 24. Nf3 Qb2 25. Qxb2 axb2 26. Rxc8+ Rxc8 27. Rb1 Rb8 28. Ne1 e5 29. Nd3 Rb3 30. Nc5 Bf5 31. Nxb3 Bxb1 32. dxe5 Bc2 33. Nd2 Bxe5 34. Bxh6 Bc3 0-1

[Event "Titled Tuesday intern op 08th Aug Late"]
[Site "Chess.com INT"]
[Date "2023.08.08"]
[Round "5"]
[White "Vaibhav, Jayant Raut"]
[Black "Hernando Rodrigo, Julio Antonio"]
[Result "1-0"]
[WhiteElo "2147"]
[BlackElo "2238"]
[PlyCount "131"]
[EventDate "2023.08.08"]
[EventType "swiss (blitz)"]
[EventRounds "11"]
[EventCountry "USA"]
[SourceTitle "EXT 2024"]
[Source "ChessBase"]
[SourceDate "2023.10.10"]
[SourceVersion "1"]
[SourceVersionDate "2023.10.10"]
[SourceQuality "1"]

1. e4 e6 2. Qe2 d5 3. exd5 Nf6 4. dxe6 Bxe6 5. Nf3 Be7 6. d4 0-0 7. Be3 Bg4 8. h3 Bh5 9. Nc3 Bb4 10. g4 Bg6 11. Bg2 Nd5 12. Qd2 c6 13. 0-0 Qa5 14. a3 Bxc3 15. bxc3 Qxc3 16. Rab1 Qxd2 17. Bxd2 Nb6 18. Rbc1 N8d7 19. Ne5 Nxe5 20. dxe5 Nc4 21. Bc3 Nxa3 22. Bb4 Nxc2 23. Bxf8 Kxf8 24. f4 Bd3 25. Rf3 Be4 26. Rb3 Nd4 27. Rxb7 Ne2+ 28. Kf2 Nxc1 29. Bxe4 a5 30. Rb1 Na2 31. Bxc6 Rc8 32. Rb6 Nb4 33. Be4 Rc3 34. f5 Nd3+ 35. Ke3 Nc5+ 36. Kd4 Nxe4 37. Kxe4 Rxh3 38. Ra6 Ra3 39. f6 gxf6 40. exf6 Ke8 41. Ra7 h6 42. Kf4 a4 43. Re7+ Kf8 44. Ra7 Kg8 45. Kf5 Ra1 46. Ra8+ Kh7 47. Ra7 Rf1+ 48. Ke5 Kg6 49. Rxa4 Rxf6 50. Ra2 Kg5 51. Ra8 Re6+ 52. Kd5 Kxg4 53. Rf8 Rf6 54. Ke5 Rf5+ 55. Ke4 h5 56. Rg8+ Rg5 57. Rh8 h4 58. Ke3 Kg3 59. Ke2 Rf5 60. Rg8+ Rg5 61. Rxg5+ Kf4 62. Rg7 h3 63. Kf2 f5 64. Rg3 h2 65. Rh3 Kg4 66. Rxh2 1-0

[Event "Titled Tuesday intern op 01st Aug Early"]
[Site "Chess.com INT"]
[Date "2023.08.01"]
[Round "6"]
[White "Carrasco Miranda, Andres"]
[Black "Vaibhav, Jayant Raut"]
[Result "0-1"]
[WhiteElo "2240"]
[BlackElo "2147"]
[PlyCount "72"]
[EventDate "2023.08.01"]
[EventType "swiss (blitz)"]
[EventRounds "11"]
[EventCountry "USA"]
[SourceTitle "EXT 2024"]
[Source "ChessBase"]
[SourceDate "2023.10.10"]
[SourceVersion "1"]
[SourceVersionDate "2023.10.10"]
[SourceQuality "1"]

1. d4 Nf6 2. c4 e6 3. g3 Bb4+ 4. Nd2 0-0 5. Bg2 c5 6. Ngf3 Nc6 7. a3 Bxd2+ 8. Qxd2 cxd4 9. Nxd4 d5 10. cxd5 exd5 11. 0-0 Re8 12. e3 Ne5 13. b3 Bg4 14. Bb2 Qd7 15. Rfe1 Bh3 16. Bh1 Ne4 17. Qa5 Nd3 18. Re2 Nexf2 19. Rxf2 Nxf2 20. Kxf2 Qe7 21. Qd2 Rac8 22. Rc1 Rxc1 23. Bxc1 Bg4 24. Bf3 Qf6 25. Kg2 Bxf3+ 26. Nxf3 Qe6 27. Kf2 Qe4 28. Bb2 Rc8 29. Bc3 Rc6 30. b4 a6 31. a4 Qb1 32. Kg2 Qb3 33. b5 Rxc3 34. bxa6 Rc2 35. a7 Rxd2+ 36. Nxd2 Qxa4 0-1

[Event "Titled Tuesday intern op 01st Aug Early"]
[Site "Chess.com INT"]
[Date "2023.08.01"]
[Round "5"]
[White "Vaibhav, Jayant Raut"]
[Black "Kayis, Gulcan Sena"]
[Result "1/2-1/2"]
[WhiteElo "2147"]
[BlackElo "1766"]
[PlyCount "135"]
[EventDate "2023.08.01"]
[EventType "swiss (blitz)"]
[EventRounds "11"]
[EventCountry "USA"]
[SourceTitle "EXT 2024"]
[Source "ChessBase"]
[SourceDate "2023.10.10"]
[SourceVersion "1"]
[SourceVersionDate "2023.10.10"]
[SourceQuality "1"]

1. e4 e6 2. Qe2 c5 3. Nf3 Nc6 4. g3 d5 5. exd5 Qxd5 6. Nc3 Qd8 7. Bg2 Nf6 8. 0-0 Be7 9. Rd1 0-0 10. d4 cxd4 11. Nb5 Qb6 12. Nbxd4 Nxd4 13. Nxd4 Bc5 14. c3 Bd7 15. Bg5 Rfd8 16. Rd2 Be7 17. Rad1 Bc6 18. Nxc6 bxc6 19. Qc4 Rac8 20. Be3 Qc7 21. Qa4 c5 22. Bf4 Qb6 23. c4 h6 24. Be5 Rxd2 25. Rxd2 Qb4 26. Qxb4 cxb4 27. b3 Rd8 28. Rxd8+ Bxd8 29. Bb8 a5 30. c5 Ne8 31. Ba7 Nf6 32. Kf1 Kf8 33. Ke2 Ke7 34. Kd3 e5 35. Kc4 Nd7 36. c6 Nb6+ 37. Kb5 Nc8 38. Bc5+ Ke6 39. Ka6 f5 40. Bf1 Kd5 41. Bf8 g6 42. Kb7 Nd6+ 43. Kb8 h5 44. c7 Bxc7+ 45. Kxc7 Ne4 46. Bc4+ Kd4 47. f4 exf4 48. gxf4 Nf2 49. Kb6 Ng4 50. h4 Ne3 51. Bf7 Ng2 52. Bxg6 Nxf4 53. Bxf5 Ng2 54. Be7 Kc3 55. Kxa5 Kb2 56. Bxb4 Nxh4 57. Bg6 Nxg6 58. a4 Kxb3 59. Bd6 Kc4 60. Kb6 Kd5 61. Kc7 Kc4 62. a5 Kb5 63. Bb4 Ka6 64. Bc3 h4 65. Be1 h3 66. Bg3 Kxa5 67. Kd6 h2 68. Bxh2 1/2-1/2

[Event "Titled Tuesday intern op 18th Jul Late"]
[Site "Chess.com INT"]
[Date "2023.07.18"]
[Round "9"]
[White "Toniutti, Ezio"]
[Black "Vaibhav, Jayant Raut"]
[Result "1-0"]
[WhiteElo "2182"]
[BlackElo "2218"]
[PlyCount "103"]
[EventDate "2023.07.18"]
[EventType "swiss (blitz)"]
[EventRounds "11"]
[EventCountry "USA"]
[SourceTitle "EXT 2024"]
[Source "ChessBase"]
[SourceDate "2023.10.10"]
[SourceVersion "1"]
[SourceVersionDate "2023.10.10"]
[SourceQuality "1"]

1. d4 Nf6 2. c4 e6 3. g3 Bb4+ 4. Bd2 c5 5. Bxb4 cxb4 6. Bg2 0-0 7. e4 d5 8. cxd5 exd5 9. e5 Ne4 10. Ne2 Nc6 11. 0-0 f6 12. Nd2 Nxd2 13. Qxd2 fxe5 14. dxe5 Nxe5 15. Qxd5+ Qxd5 16. Bxd5+ Kh8 17. Nf4 Bg4 18. Rfe1 Nf3+ 19. Bxf3 Bxf3 20. Re3 Bc6 21. h4 Rae8 22. Rae1 Rxe3 23. Rxe3 Rd8 24. Kf1 Rd1+ 25. Ke2 Rb1 26. Nd3 a5 27. Kd2 Ra1 28. Ne5 g6 29. Ng4 Kg7 30. Re7+ Kf8 31. Rxh7 Rxa2 32. Ne5 Rxb2+ 33. Ke3 a4 34. Nxg6+ Ke8 35. Re7+ Kd8 36. h5 Rb1 37. h6 Rh1 38. h7 a3 39. Nh4 Re1+ 40. Kd4 Rxe7 41. h8Q+ Kc7 42. Nf5 Re4+ 43. Kd3 a2 44. Qg7+ Kb6 45. Nd6 Re1 46. Nc4+ Kb5 47. Qg5+ Ka4 48. Qa5+ Kb3 49. Nd2+ Kb2 50. Qxb4+ Kc1 51. Qc3+ Kd1 52. Qc2# 1-0